Εθνική οικονομική πολιτική και Ο.Ν.Ε. : θεωρητική προσέγγιση και εμπειρία

Αποθηκεύτηκε σε:
Λεπτομέρειες βιβλιογραφικής εγγραφής
Κύριος συγγραφέας: Βαβούρας, Ιωάννης Σ., 1950-
Μορφή: Βιβλίο
Γλώσσα:Greek
Δημοσίευση: Αθήνα : Παπαζήσης, [χ.χ.].
Θέματα:
Ετικέτες: Προσθήκη ετικέτας
Δεν υπάρχουν, Καταχωρήστε ετικέτα πρώτοι!

MARC

LEADER 00000cam a2200000 i 4500
001 1/56622
008 960515s0000 gr | ||| |||| ||gre||
020 |a 9600210780 
035 |l 10028054 
040 |a GR-MY-UA  |b gre  |e aacr 
041 0 |a gre 
082 7 |a 338.9495   |2 (22) 
100 1 |a Βαβούρας, Ιωάννης Σ.,   |d 1950- 
245 1 0 |a Εθνική οικονομική πολιτική και Ο.Ν.Ε. :   |b θεωρητική προσέγγιση και εμπειρία /   |c Ιωάννης Σ. Βαβούρας.  
260 |a Αθήνα :   |b Παπαζήσης,   |c [χ.χ.].  
300 |a 240 σ. :   |b εικ. ;   |c 24 εκ.  
504 |a Περιλαμβάνει βιβλιογραφικές παραπομπές.  
650 0 0 |a Monetary policy  |z Greece. 
852 |a INST  |b CHIOS  |e 19960515  |h 338.9495 ΒΑΒ  |p 005200008388  |q 005200008388  |t BK  |y 0 
852 |a INST  |b CHIOS  |e 20031010  |h 338.9495 ΒΑΒ  |p 005200013749  |q 005200013749  |t BK  |y 0 
901 |a BIBL2-2003-3 
909 |a Χ  |b 043328 
909 |a Χ  |b 100247 
970 |z 1996/05